LEADER 03036nam 22007095 450 001 9910261114303321 005 20241204164411.0 010 $a9783110874891 010 $a311087489X 024 7 $a10.1515/9783110874891 035 $a(CKB)3390000000033909 035 $a(SSID)ssj0001055746 035 $a(PQKBManifestationID)11678571 035 $a(PQKBTitleCode)TC0001055746 035 $a(PQKBWorkID)11013636 035 $a(PQKB)11778981 035 $a(MiAaPQ)EBC3044097 035 $a(DE-B1597)51976 035 $a(OCoLC)1013939805 035 $a(OCoLC)853249760 035 $a(DE-B1597)9783110874891 035 $a(oapen)https://directory.doabooks.org/handle/20.500.12854/42000 035 $a(Perlego)1159617 035 $a(oapen)doab42000 035 $a(BIP)30778002 035 $a(EXLCZ)993390000000033909 100 $a20190906d2013 fg 101 0 $ager 135 $aurcnu|||||||| 181 $ctxt 182 $cc 183 $acr 200 00$aBewahrung und Veränderung demokratischer und rechtsstaatlicher Verfassungsstruktur in den internationalen Gemeinschaften. Verwaltung und Schule $eAussprache zu den Berichten in den Verhandlungen der Tagung der Deutschen Staatsrechtslehrer zu Kiel vom 9. bis 12. Oktober 1964 205 $aReprint 2013 210 $cDe Gruyter$d1966 210 1$aBerlin ;$aBoston :$cDe Gruyter,$d[2013] 210 4$d©1966 215 $a1 online resource (303 pages) 225 0 $aVeröffentlichungen der Vereinigung der Deutschen Staatsrechtslehrer ;$v23 300 $aBibliographic Level Mode of Issuance: Monograph 311 08$a9783111802794 311 08$a3111802795 311 08$a9783110060232 311 08$a311006023X 320 $aIncludes bibliographical references and indexes. 327 $tFrontmatter --$tInhalt --$tErster Beratungsgegenstand: Bewahrung und Veränderung demokratischer und rechtsstaatlicher Verfassungsstruktur in den internationalen Gemeinschaften --$tZweiter Beratungsgegenstand: Verwaltung und Schule --$tVerzeichnis der Redner --$tVerzeichnis der Mitglieder der Vereinigung der Deutschen Staatsrechtslehrer --$tSatzung 330 $aKeine ausfu?hrliche Beschreibung fu?r "Bewahrung und Vera?nderung demokratischer und rechtsstaatlicher Verfassungsstruktur in den internationalen Gemeinschaften. Verwaltung und Schule" verfu?gbar. 606 $aEducational law and legislation$zGermany (West) 606 $aInternational agencies$zGermany (West) 615 0$aEducational law and legislation 615 0$aInternational agencies 676 $a303 701 $aBadura$b Peter$0324133 701 $aEvers$b Hans Ulrich$00 701 $aFuss$b Ernst-Werner$0257138 701 $aKaiser$b Joseph H$0232601 801 0$bDE-B1597 801 1$bDE-B1597 906 $aBOOK 912 $a9910261114303321 996 $aBewahrung und Veränderung demokratischer und rechtsstaatlicher Verfassungsstruktur in den internationalen Gemeinschaften. Verwaltung und Schule$92281134 997 $aUNINA